Разработка оборудования и технологии электронно-лучевого селективного сплавления и наплавки проволоки; Междисциплинарные проблемы аддитивных технологий

Detalles Bibliográficos
Parent link:Междисциплинарные проблемы аддитивных технологий.— 2019.— [С. 87-88]
Corporate Authors: Национальный исследовательский Томский политехнический университет Институт физики высоких технологий Кафедра материаловедения и технологии металлов Научно-образовательный центр "Современные производственные технологии", Национальный исследовательский Томский политехнический университет Инженерная школа новых производственных технологий Отделение материаловедения
Outros autores: Федоров В. В. Василий Викторович, Черепанов Р. О. Роман Олегович, Юркина В. А. Варвара Александровна, Клименов В. А. Василий Александрович
Summary:Заглавие с экрана
Idioma:ruso
Publicado: 2019
Subjects:
Acceso en liña:http://earchive.tpu.ru/handle/11683/57693
Formato: MixedMaterials Electrónico Capítulo de libro
KOHA link:https://koha.lib.tpu.ru/cgi-bin/koha/opac-detail.pl?biblionumber=630850

MARC

LEADER 00000naa2a2200000 4500
001 630850
005 20240212131653.0
035 |a (RuTPU)RU\TPU\conf\32400 
035 |a RU\TPU\conf\32399 
090 |a 630850 
100 |a 20200128d2019 k y0rusy50 ca 
101 0 |a rus 
102 |a RU 
105 |a y z 101zy 
135 |a drgn ---uucaa 
181 0 |a i  
182 0 |a b 
200 1 |a Разработка оборудования и технологии электронно-лучевого селективного сплавления и наплавки проволоки  |f В. В. Федоров [и др.] 
203 |a Текст  |c электронный 
300 |a Заглавие с экрана 
463 0 |0 (RuTPU)RU\TPU\conf\32381  |t Междисциплинарные проблемы аддитивных технологий  |o сборник тезисов V Всероссийского научного семинара, 5-6 декабря 2019, Томск  |f Национальный исследовательский Томский политехнический университет (ТПУ) ; под ред. А. Г. Князевой  |v [С. 87-88]  |d 2019 
610 1 |a электронный ресурс 
610 1 |a труды учёных ТПУ 
610 1 |a разработки 
610 1 |a оборудование 
610 1 |a технологии 
610 1 |a электронно-лучевое сплавление 
610 1 |a наплавка 
610 1 |a проволока 
610 1 |a металлические изделия 
610 1 |a сложные формы 
610 1 |a аддитивные технологии 
610 1 |a 3D-печать 
610 1 |a математическое моделирование 
701 1 |a Федоров  |b В. В.  |c специалист в области машиностроения  |c директор научно-образовательного центра Томского политехнического университета  |f 1983-  |g Василий Викторович  |3 (RuTPU)RU\TPU\pers\37485 
701 1 |a Черепанов  |b Р. О.  |c физик  |c научный сотрудник Томского политехнического университета, кандидат физико-математических наук  |f 1982-  |g Роман Олегович  |3 (RuTPU)RU\TPU\pers\41478 
701 1 |a Юркина  |b В. А.  |c специалист в области материаловедения  |c инженер Томского политехнического университета  |f 1994-  |g Варвара Александровна  |3 (RuTPU)RU\TPU\pers\41479 
701 1 |a Клименов  |b В. А.  |c специалист в области неразрушающего контроля  |c профессор Томского политехнического университета, доктор технических наук  |c проректор-директор Института неразрушающего контроля Томского политехнического университета  |f 1951-  |g Василий Александрович  |3 (RuTPU)RU\TPU\pers\27985  |9 12975 
712 0 2 |a Национальный исследовательский Томский политехнический университет  |b Институт физики высоких технологий  |b Кафедра материаловедения и технологии металлов  |b Научно-образовательный центр "Современные производственные технологии"  |3 (RuTPU)RU\TPU\col\22917 
712 0 2 |a Национальный исследовательский Томский политехнический университет  |b Инженерная школа новых производственных технологий  |b Отделение материаловедения  |3 (RuTPU)RU\TPU\col\23508 
801 2 |a RU  |b 63413507  |c 20200130  |g RCR 
856 4 |u http://earchive.tpu.ru/handle/11683/57693 
942 |c BK